000 00276nam a22001217a 4500
008 180125b xxu||||| |||| 00| 0 eng d
041 _aeng
080 _a574
100 _a9
101 _amje
245 _athe health of southern forests
_cwilliam.h.h
942 _2udc
_cBK
999 _c40971
_d40971